[Event "ITA-ch U20"]
[Site "Tarvisio"]
[Date "2023.07.06"]
[Round "6"]
[White "Bosio, Andrea"]
[Black "Brini, Dario"]
[Result "1-0"]
[WhiteElo "1864"]
[BlackElo "2099"]
[PlyCount "33"]
[EventDate "2023.07.02"]
[EventType "swiss"]
[EventRounds "9"]
[EventCountry "ITA"]
[SourceTitle "EXT 2024"]
[Source "ChessBase"]
[SourceDate "2023.10.10"]
[SourceVersion "1"]
[SourceVersionDate "2023.10.10"]
[SourceQuality "1"]

1. e4 c5 2. Nf3 d6 3. d4 cxd4 4. Nxd4 Nf6 5. Nc3 a6 6. Bg5 Nbd7 7. f4 Qc7 8. Qf3 h6 9. Bh4 g5 10. fxg5 hxg5 11. Bxg5 Qc5 12. Qe3 Ng4 13. Qd2 Nxh2 14. Nd5 Nxf1 15. Rxf1 Ne5 16. b4 Qc4 17. Nb6 1-0

[Event "Fermo op 6th"]
[Site "Fermo"]
[Date "2021.04.24"]
[Round "2"]
[White "Lumachi, Gabriele"]
[Black "Brini, Dario"]
[Result "1-0"]
[WhiteElo "2316"]
[BlackElo "1862"]
[PlyCount "49"]
[EventDate "2021.04.23"]
[EventType "swiss"]
[EventRounds "5"]
[EventCountry "ITA"]
[SourceTitle "EXT 2022"]
[Source "ChessBase"]
[SourceDate "2021.10.06"]
[SourceVersion "1"]
[SourceVersionDate "2021.10.06"]
[SourceQuality "1"]

1. d4 Nf6 2. Nf3 g6 3. Nbd2 Bg7 4. e4 d6 5. Bb5+ Bd7 6. Bc4 d5 7. exd5 Bf5 8. Bb5+ Bd7 9. Bxd7+ Nbxd7 10. c4 Nb6 11. 0-0 0-0 12. Re1 Nc8 13. b3 b5 14. Ne5 bxc4 15. bxc4 a5 16. Ndf3 Na7 17. Ba3 Re8 18. Ng5 Rf8 19. Qe2 Nc8 20. Rab1 h6 21. Nc6 Qd7 22. Nf3 Re8 23. Nfe5 Qf5 24. Rb7 Nd7 25. g4 1-0